=LDR 00000nam 2200000 4500 =001 INLIS000000000000527 =005 20201118124342 =035 ##$$a 0010-061300000000527 =008 201118################g##########0#ind## =041 ##$$a Ind =082 ##$$a 301.07 =090 ##$$a 301.07, Sur p =100 ##$$a Suryatna, Ayat =245 1#$$a Penuntun belajar antropologi untuk SMU kelas III caturwulan 1,2 dan 3 berdasarkan kurikulum SMU 1994 /$c Ayat Suryatna =260 ##$$a Bandung :$b Ganeca Exact,$c 1996 =300 ##$$a vii, 288 hlm : $b Ilus ; $c 20 x 14 cm =650 #4$$a Antropologi =650 #4$$a Studi dan pengajaran =850 ##$$a NBPNMAT =020 ##$$a 979-571-171 7 =084 ##$$a 301.07 SUR p =504 ##$$a Bibliografi: halaman 285-288 =990 ##$$a DW99001374 =990 ##$$a 00053434 =990 ##$$a 109.206/pB-97 =990 ##$$a 00042080 =990 ##$$a 94.502/pb.96 =990 ##$$a 00042080 =990 ##$$a DW99001374 =990 ##$$a 00053434 =990 ##$$a 109.206/pB-97 =990 ##$$a 94.502/pb.96